| 000 | 00000nam##2200000za#4500 |
| 001 | 9.650812 |
| 003 | CaOODSP |
| 005 | 20210615114602 |
| 007 | ta |
| 008 | 150407|2007||||xxc||||| f|0| 0 eng|d |
| 020 | |a978-0-660-19746-3 |
| 040 | |aCaOODSP|beng |
| 043 | |an-cn--- |
| 086 | 1 |aSC103-33/2-2007E |
| 110 | 2 |aCanada School of Public Service. |
| 245 | 10|aInteraction Canada pre-SLE session - level C, oral interaction interview |
| 260 | |aOttawa - Ontario : |bCanada School of Public Service |c2007. |
| 300 | |a118p. ; |c28 cm. |
| 520 | 3 |aThe objective of the session is to prepare students for the Second Language Evaluation (SLE) Oral Interaction (OI) interview. |
| 563 | |aSpiral binding |
| 590 | |a07-33|b2007-08-17 |
| 690 | 07|aEnglish second language|2gcpds |
| 776 | 0#|tInteraction Canada pre-SLE session - level C oral interaction interview |w(CaOODSP)9.689978 |